000 00238nam a2200097Ia 4500
001 698342
005 20250826162049.0
008 250824s9999 xx 000 0 und d
245 0 _aDÜŞÜN VE BAŞAR
_cMUHAMMED BOZDAĞ
260 _bYEDİVEREN
999 _c698342
_d698342